Illustrated flora of Keoladeo national park Bharatpur, Rajasthan: a general guide to the wetland flora of the gangetic plains (Record no. 400322)

000 -LEADER
fixed length control field 00568cam a22001457a 4500
008 - FIXED-LENGTH DATA ELEMENTS--GENERAL INFORMATION
fixed length control field 180718b1996 xxu||||| |||| 00| 0 eng d
020 ## - INTERNATIONAL STANDARD BOOK NUMBER
International Standard Book Number 0195642279
082 ## - DEWEY DECIMAL CLASSIFICATION NUMBER
Classification number Y4x5434 P886 (R)
245 ## - TITLE STATEMENT
Title Illustrated flora of Keoladeo national park Bharatpur, Rajasthan: a general guide to the wetland flora of the gangetic plains
Statement of responsibility, etc. by V.P. Prasad...[et.al.]
260 ## - PUBLICATION, DISTRIBUTION, ETC.
Place of publication, distribution, etc. Mumbai
Name of publisher, distributor, etc. Bombay Natural History Society
Date of publication, distribution, etc. 1996
300 ## - PHYSICAL DESCRIPTION
Extent 435p.
650 ## - SUBJECT ADDED ENTRY--TOPICAL TERM
Topical term or geographic name entry element Keoladeo National Park - Bharatpur - Rajasthan - India
650 ## - SUBJECT ADDED ENTRY--TOPICAL TERM
Topical term or geographic name entry element Botany - Bharatpur - Rajasthan
700 ## - ADDED ENTRY--PERSONAL NAME
Personal name Prasad, V.P.
Holdings
Withdrawn status Lost status Damaged status Not for loan Permanent Location Current Location Date acquired Full call number Barcode Date last seen Price effective from Koha item type
        Indian Institute of Public Administration Indian Institute of Public Administration 2002-10-04 Y4x5434 P886 (R) 74694 2018-07-21 2018-07-21 Book

Powered by Koha